| 000 | 00640nam a2200229Ia 4500 | ||
|---|---|---|---|
| 003 | OSt | ||
| 005 | 20220926035312.0 | ||
| 006 | a|||||r|||| 00| 0 | ||
| 007 | ta | ||
| 008 | 220923b |||||||| |||| 00| 0 eng d | ||
| 037 | _cGeneral Book | ||
| 040 |
_aRTL _cRTL _beng |
||
| 041 |
_2eng _aeng |
||
| 082 | _aX61.1.N5, J7 | ||
| 100 | _aTriffin Robert | ||
| 245 | 0 |
_aEurope and the money muddle _b From bilateralism to |
|
| 260 | _c1957 | ||
| 490 | _aYale Studies in Economics, 7. | ||
| 650 |
_aEconomics-Money-International _9232453 |
||
| 942 |
_hX61.1.N5, J7 _cGB _2CC |
||
| 999 |
_c661878 _d661878 |
||